[Event "Belgrade Trophy 28th"]
[Site "Belgrade"]
[Date "2014.11.25"]
[Round "2"]
[White "Dobrijevic, Milan"]
[Black "Popovic, Milan Z"]
[Result "1-0"]
[WhiteElo "2250"]
[BlackElo "2058"]
[PlyCount "92"]
[EventDate "2014.11.24"]
[EventType "swiss"]
[EventRounds "9"]
[EventCountry "SRB"]
[SourceTitle "CBM 163 Extra"]
[Source "ChessBase"]
[SourceDate "2014.12.23"]
[SourceVersion "1"]
[SourceVersionDate "2014.12.23"]
[SourceQuality "1"]

1. e4 Nf6 2. e5 Nd5 3. d4 d6 4. Nf3 dxe5 5. Nxe5 c6 6. c4 Nb4 7. Na3 Bf5 8. Be2 e6 9. 0-0 Nd7 10. Nd3 Nxd3 11. Bxd3 Bxd3 12. Qxd3 Be7 13. Bf4 0-0 14. Rfe1 Re8 15. Rad1 Qa5 16. Nc2 Rad8 17. a3 Nf6 18. Qf3 Rd7 19. Re5 Qa6 20. Qc3 b6 21. Bg5 Ng4 22. Re4 Nxf2 23. Kxf2 Bxg5 24. Nb4 Qc8 25. Nd3 Bf6 26. Ne5 Rdd8 27. c5 b5 28. a4 a6 29. axb5 axb5 30. Ra1 Rd5 31. Ra7 Bxe5 32. Rxe5 Qd8 33. Qf3 Qh4+ 34. Kf1 Rf8 35. Rxd5 exd5 36. Qe3 Qxh2 37. Re7 Qh1+ 38. Kf2 Qh4+ 39. Kg1 g6 40. Rc7 Qf6 41. Qe5 Qh4 42. Rxc6 Ra8 43. Rf6 Ra4 44. Qe8+ Kg7 45. Rxf7+ Kh6 46. Qe3+ g5 1-0

[Event "Belgrade-chT"]
[Site "Belgrade"]
[Date "2013.10.21"]
[Round "10.3"]
[White "Peovic, Milos"]
[Black "Popovic, Milan Z"]
[Result "1-0"]
[WhiteElo "2269"]
[BlackElo "2078"]
[PlyCount "95"]
[EventDate "2013.10.12"]
[EventType "team-tourn"]
[EventRounds "11"]
[EventCountry "SRB"]
[SourceTitle "EXT 2014"]
[Source "ChessBase"]
[SourceDate "2013.11.20"]
[SourceVersion "1"]
[SourceVersionDate "2013.11.20"]
[SourceQuality "1"]
[WhiteTeam "Belgrade Sigurnost"]
[BlackTeam "Cirilo i Metodije"]
[WhiteTeamCountry "SRB"]
[BlackTeamCountry "SRB"]

1. e4 Nf6 2. Nc3 e5 3. Bc4 Bb4 4. d3 d5 5. exd5 Nxd5 6. Qf3 c6 7. Bd2 0-0 8. Nxd5 Bxd2+ 9. Kxd2 cxd5 10. Bxd5 Nc6 11. Ne2 Bd7 12. Bb3 Kh8 13. Qe3 f5 14. f4 Re8 15. Rae1 a5 16. a4 Rc8 17. Qf2 e4 18. Nc3 Be6 19. Bxe6 Rxe6 20. Kc1 Nb4 21. dxe4 fxe4 22. Qe3 Qc7 23. Kb1 h6 24. Re2 Qc4 25. Rd1 Nc6 26. f5 Ree8 27. f6 Qf7 28. fxg7+ Qxg7 29. Rd6 Kh7 30. Nd5 Re5 31. Rd7 Ne7 32. Rxe7 Rxe7 33. Nxe7 Qxe7 34. Qxe4+ Qxe4 35. Rxe4 b6 36. Re7+ Kg6 37. Re6+ Kg5 38. Rxb6 Re8 39. Rb5+ Kg4 40. Rxa5 Re1+ 41. Ka2 Re2 42. Ra6 h5 43. Rg6+ Kf5 44. Rg8 Rxc2 45. a5 Rc5 46. b4 Rd5 47. Kb3 Kf6 48. a6 1-0

[Event "Belgrade Trophy 26th"]
[Site "Belgrade"]
[Date "2012.11.29"]
[Round "6"]
[White "Popovic, Milan Z"]
[Black "Petrovic, Milan M"]
[Result "1-0"]
[WhiteElo "2077"]
[BlackElo "1913"]
[PlyCount "59"]
[EventDate "2012.11.24"]
[EventType "swiss"]
[EventRounds "9"]
[EventCountry "SRB"]
[SourceTitle "CBM 151 Extra"]
[Source "ChessBase"]
[SourceDate "2012.12.18"]
[SourceVersion "1"]
[SourceVersionDate "2012.12.18"]
[SourceQuality "1"]

1. d4 d5 2. Nf3 e6 3. e3 c6 4. Bd3 f5 5. 0-0 Nf6 6. b3 Nbd7 7. Bb2 Bd6 8. Ne5 0-0 9. Nd2 Ne4 10. Ndf3 Ndf6 11. c4 Bd7 12. c5 Bc7 13. b4 a6 14. a4 Qe8 15. Qe2 Qh5 16. Nxd7 Nxd7 17. Ne5 Qh6 18. f3 Nef6 19. e4 dxe4 20. fxe4 Nxe5 21. dxe5 Ng4 22. h3 Nxe5 23. exf5 Nxd3 24. Qxd3 Rad8 25. Qb3 Rd2 26. Bc1 Kh8 27. Bxd2 Qxd2 28. fxe6 Qd4+ 29. Kh1 Rf2 30. e7 1-0

[Event "Belgrade Trophy 26th"]
[Site "Belgrade"]
[Date "2012.11.27"]
[Round "4"]
[White "Popovic, Milan Z"]
[Black "Hrzic, Ivan"]
[Result "0-1"]
[WhiteElo "2077"]
[BlackElo "2290"]
[PlyCount "88"]
[EventDate "2012.11.24"]
[EventType "swiss"]
[EventRounds "9"]
[EventCountry "SRB"]
[SourceTitle "CBM 151 Extra"]
[Source "ChessBase"]
[SourceDate "2012.12.18"]
[SourceVersion "1"]
[SourceVersionDate "2012.12.18"]
[SourceQuality "1"]

1. d4 d5 2. Nf3 Nc6 3. e3 Bg4 4. Be2 Nf6 5. Nbd2 e6 6. Ne5 Nxe5 7. dxe5 Bxe2 8. Qxe2 Nd7 9. f4 c6 10. 0-0 g6 11. b3 Bc5 12. Kh1 Qb6 13. Rf3 Bb4 14. Bb2 Bxd2 15. Qxd2 Nc5 16. Qe1 Ne4 17. a4 0-0-0 18. b4 c5 19. c3 Kb8 20. Ba3 cxb4 21. a5 Qb5 22. Bxb4 Rc8 23. a6 b6 24. Qh4 Qd7 25. Qe1 h5 26. Rh3 Rhd8 27. g4 hxg4 28. Rh7 Rh8 29. Qh4 Rxh7 30. Qxh7 g3 31. hxg3 Nxg3+ 32. Kh2 Ne4 33. Rg1 Qb5 34. Rxg6 Qe2+ 35. Rg2 Qxe3 36. Rg8 Qxf4+ 37. Kh1 Qf1+ 38. Kh2 Qe2+ 39. Rg2 Qxa6 40. Qh6 Qf1 41. Bf8 Nf2 42. Qg7 Qh1+ 43. Kg3 Ne4+ 44. Kf4 Qf1+ 0-1

[Event "Belgrade-chT Quality"]
[Site "Belgrade"]
[Date "2011.10.30"]
[Round "6"]
[White "Velemir, Velimir"]
[Black "Popovic, Milan Z"]
[Result "1/2-1/2"]
[WhiteElo "2058"]
[BlackElo "2041"]
[PlyCount "69"]
[EventDate "2011.10.15"]
[EventType "team-swiss"]
[EventRounds "11"]
[EventCountry "SRB"]
[SourceTitle "EXT 2012"]
[Source "ChessBase"]
[SourceDate "2011.11.24"]
[SourceVersion "1"]
[SourceVersionDate "2011.11.24"]
[SourceQuality "1"]

1. f4 Nf6 2. Nf3 d6 3. e3 Bg4 4. h3 Bxf3 5. Qxf3 c6 6. d4 Nbd7 7. Bd3 e5 8. c3 Be7 9. 0-0 Qb6 10. Nd2 0-0-0 11. a4 a5 12. b4 exf4 13. exf4 d5 14. bxa5 Qxa5 15. Ba3 Rhe8 16. Rfc1 Bxa3 17. Rxa3 Re7 18. Nb3 Qa7 19. a5 Rde8 20. Bf5 Kb8 21. Bxd7 Nxd7 22. c4 dxc4 23. Rxc4 Qa6 24. Raa4 f5 25. Nc5 Nxc5 26. dxc5 g6 27. Qc3 Re4 28. Rab4 Rxc4 29. Rxc4 Ka8 30. Qb4 Qb5 31. Qxb5 cxb5 32. Rb4 Re4 33. Rxb5 Rxf4 34. Rb6 Ra4 35. c6 1/2-1/2

[Event "Belgrade-chT Quality"]
[Site "Belgrade"]
[Date "2011.10.23"]
[Round "4"]
[White "Popovic, Djordje V"]
[Black "Popovic, Milan Z"]
[Result "1/2-1/2"]
[WhiteElo "2079"]
[BlackElo "2041"]
[PlyCount "108"]
[EventDate "2011.10.15"]
[EventType "team-swiss"]
[EventRounds "11"]
[EventCountry "SRB"]
[SourceTitle "EXT 2012"]
[Source "ChessBase"]
[SourceDate "2011.11.24"]
[SourceVersion "1"]
[SourceVersionDate "2011.11.24"]
[SourceQuality "1"]

1. d4 Nf6 2. c4 g6 3. Nc3 Bg7 4. e4 d6 5. f3 0-0 6. Be3 Nbd7 7. Qd2 e5 8. Nge2 Re8 9. Bg5 h6 10. Be3 Kh7 11. 0-0-0 c6 12. h4 Qa5 13. Kb1 a6 14. Nc1 b5 15. Nd5 Qxd2 16. Nxf6+ Nxf6 17. Rxd2 Be6 18. d5 cxd5 19. cxd5 Bd7 20. Rc2 Rec8 21. Rxc8 Rxc8 22. Nb3 Nh5 23. Bd3 Ng3 24. Rc1 Bf6 25. Na5 Rxc1+ 26. Kxc1 Bxh4 27. Bb6 Be7 28. Nc6 Bf8 29. a4 bxa4 30. Bxa6 f5 31. Bf2 Nh1 32. Be1 f4 33. Bb5 Ng3 34. Bf2 g5 35. Bxa4 h5 36. b4 g4 37. Bd1 Bh6 38. b5 Kh8 39. Kb2 Bg5 40. b6 Bc8 41. Na5 h4 42. fxg4 Nxe4 43. Be1 Nc5 44. Bb4 Nb7 45. Nxb7 Bxb7 46. Bf3 Be7 47. g5 Kg7 48. Be4 Kf7 49. Kb3 Bf8 50. Be1 Be7 51. Bxh4 Kg7 52. Kb4 Ba6 53. Ka5 Bb7 54. Kb5 Bd8 1/2-1/2

[Event "Belgrade Summer op"]
[Site "Belgrade"]
[Date "2009.06.05"]
[Round "4"]
[White "Popovic, Milan Z"]
[Black "Sekulovic, Dusica"]
[Result "1-0"]
[WhiteElo "2029"]
[BlackElo "1807"]
[PlyCount "111"]
[EventDate "2009.06.02"]
[EventType "swiss"]
[EventRounds "9"]
[EventCountry "SRB"]
[SourceTitle "EXT 2019"]
[Source "ChessBase"]
[SourceDate "2018.10.10"]
[SourceVersion "1"]
[SourceVersionDate "2018.10.10"]
[SourceQuality "1"]

1. d4 d5 2. Nf3 Nf6 3. Bf4 c6 4. e3 Bg4 5. Nbd2 e6 6. Bd3 Be7 7. c3 h6 8. Qc2 Bxf3 9. Nxf3 Nbd7 10. h3 Qb6 11. 0-0 c5 12. Rfe1 c4 13. Bf1 Rc8 14. Nd2 0-0 15. e4 Nxe4 16. Nxe4 dxe4 17. Rxe4 Nf6 18. Ree1 Qc6 19. Rad1 Rfd8 20. g3 Bd6 21. Bg2 Qc7 22. Bc1 b5 23. a3 Rd7 24. Qe2 Rcd8 25. Qf3 Be7 26. Bf4 Qa5 27. Re2 Nd5 28. Bc1 Qb6 29. Rde1 a5 30. h4 b4 31. axb4 axb4 32. Bd2 bxc3 33. bxc3 Ra7 34. Qg4 Nf6 35. Qh3 Ra5 36. g4 Nd5 37. g5 Bf8 38. g6 Qc7 39. gxf7+ Qxf7 40. Rxe6 Ra2 41. R6e2 Nf4 42. Bxf4 Rxe2 43. Rxe2 Qxf4 44. Be4 h5 45. Bf3 Qc1+ 46. Kg2 Qh6 47. Qf5 g6 48. Qf6 Rd6 49. Bd5+ Rxd5 50. Qe6+ Kh8 51. Qxd5 Qg7 52. Qe5 Qxe5 53. Rxe5 Kg7 54. Re6 Kf7 55. Rc6 Be7 56. Kh3 1-0